00879nam a2200241 i 4500001000300000003000900003005001700012008003900029015001700068040003500085080001100120080001200131100003500143245005800178260005600236300012100292380001600413504001200429655003000441650002600471710004200497856009800539bgKOSZ 00520200630132831.0080528s1963 pl a f f 001 0 pol aPB 1963/5723 aWA NcKOSZ 005/RWdKOSZ 005/RW a514.18 a(075.8)1 aDubikajtis, Lechd(1927-2014).10aWstęp do geometrii wykreślnej /cLech Dubikajtis. aWarszawa :bPaństwowe Wydawnictwo Naukowe,c1963. a271, [1] s., [3] ķ. tabl. :bil., err. ;c24 cm +eWkładka : 8 s. : il. + Anaglify i modele : [5] k., 44 k. tabl. aKsiążki aIndeks. 4aPodręczniki akademickie 4aGeometria wykreślna2 aPaństwowe Wydawnictwo Naukowe4pbl. uhttp://koha.tu.koszalin.pl/cgi-bin/koha/opac-detail.pl?biblionumber=46983yKatalog online BPK